000 00888nam a2200253Ia 4500
003 OSt
005 20220923214220.0
006 a|||||r|||| 00| 0
007 ta
008 220922b |||||||| |||| 00| 0 hin d
024 _a167,983
037 _cTextual
040 _aARTS
_cARTS
_bhin
041 _2hin
_ahin
082 _aO152,1L50,1, K4
100 _aचतुर्वेदी, सोमनाथ
245 0 _aमाधव विनोद, संपा - सोमनाथ गुप्त
246 _aMādhav vinoda, sanpā0 - sohināth gupta
260 _aजयपुर
_b सोमनाथ गुप्त प्रका0
_c1964
300 _a163पृ.
_ccm.
650 _aहिन्दी साहित्य
_9156264
942 _hO152,1L50,1, K4
_cTEXL
_2CC
999 _c322453
_d322453